00000000nas##2200000za#4500
0019.511646
003CaOODSP
00520200421173712
007ta
008150406c2000||||xxc|| p #||||f|   |0eng|d
022 |a1910-9180
040 |aCaOODSP|beng
041 |aeng
041 |afre
043 |an-cn---
0861 |aTU1-7
1102 |aTransportation Safety Board of Canada.
24510|aTSB business plan
2461 |iTitle also cited as : |aTransportation Safety Board of Canada - business plan
260 |aOttawa - Ontario : |bTransportation Safety Board of Canada
300 |aEnglish text, ; |c28 cm.
310 |aAnnual
3621 |a[200- ] --
5203 |aContains detailed action plans for meeting the Board’s priorities. It also discusses the risks and challenges faced by the Board and lists the financial resources allocated to projects under each priority.
563 |aCerlox
69007|aBusiness plans|2gcpds
7760#|tPlan d'activités du BST.|w(CaOODSP)9.502096
7760#|tTSB business plan |w(CaOODSP)9.505695
792 |tPlan d'activités du BST |efre|w(CaOODSP)9.511647